Masks in "The Legend of Zelda: Majora's Mask" - Statistics

General Stats
  • This quiz has been taken 252 times
    185 since last reset
  • The average score is 20 of 28
Answer Stats
Hint Answer % Correct
Transforms Link into a stone-eating humanoid Goron Mask
99%
Transforms Link into a fish-like humanoid Zora Mask
99%
Transforms Link into a wooden creature Deku Mask
96%
Transforms Link into a giant during the battle against Twinmold Giant's Mask
85%
Transforms Link into a powerful warrior Fierce Deity Mask
84%
Summons Keatons Keaton Mask
84%
Makes Link invisible to most enemies and characters Stone Mask
80%
Characters will talk about Kafei Kafei's Mask
79%
Alerts to presence of (and attracts) stray fairies Great Fairy Mask
78%
Increases running speed, jumping distance, and agility Bunny Hood
77%
Allows entry into Ikana Canyon, attracts Garo Ninjas and prevents ReDead attacks Garo's Mask
75%
Prevents Gibdo and ReDead attacks Gibdo Mask
75%
Keeps Link from falling asleep All-Night Mask
72%
Symbolizes ultimate love, stops long disputes among people Couple's Mask
71%
Allows wearer to listen to Gossip Stones and the thoughts of animals Mask of Truth
70%
Enables Link to open mail boxes Postman's Hat
70%
Remains of Stone Tower Temple's boss Twinmold's Remains
65%
Remains of Snowhead Temple's boss Goht's Remains
62%
Allows communication with frogs Don Gero's Mask
61%
Grants access to the Milk Bar at night Romani's Mask
61%
Detonates like a bomb Blast Mask
60%
Remains of Great Bay Temple's boss Gyorg's Remains
60%
Plays music and prompts small animals to march Bremen Mask
57%
Prevents Stalchildren and ReDead attacks Captain's Hat
57%
Remains of Woodfall Temple's boss Odolwa's Remains
57%
Enables Link to find mushrooms by smelling them Mask of Scents
54%
Calms angry people, prevents attack from Milk Road pursuers Circus Leader's Mask
48%
Allows wearer to dance Kamaro's Mask
47%
No matching quizzes found
Score Distribution
Percent of People with Each Score
Percentile by Number Answered
Your Score History
You have not taken this quiz since the last reset